[Event "SVK-chT3A2 1213"]
[Site "Slovakia"]
[Date "2012.11.04"]
[Round "3.2"]
[White "Londin, Martin"]
[Black "Mackovic, Matus"]
[Result "1/2-1/2"]
[WhiteElo "1956"]
[BlackElo "1871"]
[PlyCount "125"]
[EventDate "2012.10.07"]
[EventType "team-tourn"]
[EventRounds "11"]
[EventCountry "SVK"]
[SourceTitle "EXT 2015"]
[Source "ChessBase"]
[SourceDate "2014.11.20"]
[SourceVersion "1"]
[SourceVersionDate "2014.11.20"]
[SourceQuality "1"]
[WhiteTeam "Skalica"]
[BlackTeam "Trnava Modranka"]
[WhiteTeamCountry "SVK"]
[BlackTeamCountry "SVK"]

1. e4 c6 2. d4 d5 3. exd5 cxd5 4. Nf3 Nf6 5. Be2 Bf5 6. 0-0 e6 7. Nh4 Bg6 8. Bf4 Bd6 9. Bxd6 Qxd6 10. Nd2 Nc6 11. c3 0-0 12. Nxg6 hxg6 13. Bd3 e5 14. dxe5 Nxe5 15. Nf3 Rad8 16. Nd4 Nc4 17. Rb1 Rfe8 18. Bxc4 dxc4 19. Qa4 Qc5 20. Rfe1 a6 21. h3 Kf8 22. Rxe8+ Rxe8 23. Rd1 Ne4 24. Re1 Nd6 25. Rxe8+ Nxe8 26. Qc2 Nd6 27. Qe2 Qd5 28. f3 Nf5 29. Nxf5 gxf5 30. g3 b5 31. a3 Qd6 32. Kg2 f4 33. g4 g5 34. Qc2 Ke7 35. Qf2 Ke6 36. Qe2+ Kf6 37. Qf2 a5 38. h4 gxh4 39. Qxh4+ Ke6 40. Qe1+ Kf6 41. Qf2 Kg5 42. Qe2 f5 43. gxf5 Kxf5 44. Qc2+ Qd3 45. Qf2 Qe3 46. Kf1 Kg5 47. Qg2+ Kf6 48. Qf2 Ke5 49. Kg2 Kf5 50. Kf1 Qc1+ 51. Kg2 Qe3 52. Kf1 Qc1+ 53. Kg2 Qe3 54. Kf1 Qc1+ 55. Kg2 Qe3 56. Kf1 Qc1+ 57. Kg2 Qe3 58. Qh4 Qe2+ 59. Qf2 Qe3 60. Kf1 Qc1+ 61. Kg2 Qe3 62. Kf1 Qc1+ 63. Kg2 1/2-1/2

[Event "SVK-chT2A 1112"]
[Site "Slovakia"]
[Date "2011.12.04"]
[Round "6.5"]
[White "Liptak, Dusan"]
[Black "Mackovic, Matus"]
[Result "1-0"]
[WhiteElo "2075"]
[BlackElo "1873"]
[PlyCount "49"]
[EventDate "2011.10.08"]
[EventType "team-tourn"]
[EventRounds "11"]
[EventCountry "SVK"]
[SourceTitle "EXT 2013"]
[Source "ChessBase"]
[SourceDate "2012.11.22"]
[SourceVersion "1"]
[SourceVersionDate "2012.11.22"]
[SourceQuality "1"]
[WhiteTeam "Trnava Lokomotiva II"]
[BlackTeam "Trnava Modranka"]
[WhiteTeamCountry "SVK"]
[BlackTeamCountry "SVK"]

1. Nf3 Nf6 2. c4 g6 3. Nc3 Bg7 4. d4 0-0 5. e4 d6 6. Be2 Nfd7 7. h4 e5 8. h5 Nc6 9. Be3 exd4 10. Nxd4 Nxd4 11. Bxd4 g5 12. h6 Be5 13. Qd2 Nb6 14. Be3 f6 15. g3 g4 16. Rh4 f5 17. exf5 Bxf5 18. Bxg4 Kh8 19. Bxf5 Rxf5 20. 0-0-0 Qg8 21. Qd3 Raf8 22. Qe4 c6 23. f4 Qxg3 24. fxe5 Rxe5 25. Bd4 1-0

[Event "SVK-chT3A2 1011"]
[Site "Slovakia"]
[Date "2011.01.16"]
[Round "6.4"]
[White "Krchnak, Rudolf"]
[Black "Mackovic, Matus"]
[Result "1/2-1/2"]
[WhiteElo "1886"]
[BlackElo "1846"]
[PlyCount "74"]
[EventDate "2010.10.17"]
[EventType "team-tourn"]
[EventRounds "11"]
[EventCountry "SVK"]
[SourceTitle "EXT 2012"]
[Source "ChessBase"]
[SourceDate "2011.11.24"]
[SourceVersion "1"]
[SourceVersionDate "2011.11.24"]
[SourceQuality "1"]
[WhiteTeam "Vrbove"]
[BlackTeam "Trnava Modranka"]
[WhiteTeamCountry "SVK"]
[BlackTeamCountry "SVK"]

1. d4 Nf6 2. Nc3 d5 3. Bg5 e6 4. e4 dxe4 5. Nxe4 Be7 6. Bxf6 Bxf6 7. Nf3 b6 8. c3 Bb7 9. Bd3 0-0 10. Qd2 Nd7 11. 0-0-0 Rc8 12. h4 c5 13. dxc5 Nxc5 14. Nxf6+ Qxf6 15. Qg5 Qxg5+ 16. hxg5 Nxd3+ 17. Rxd3 Bxf3 18. Rxf3 Rfd8 19. Rfh3 h6 20. gxh6 gxh6 21. Rxh6 Kg7 22. R6h4 Rd5 23. Rd1 Rxd1+ 24. Kxd1 Rc5 25. Re4 e5 26. g4 Kf6 27. Ke2 Kg5 28. f3 f5 29. gxf5 Kxf5 30. b4 Rc7 31. c4 Rc8 32. a4 a5 33. b5 Rh8 34. Kd3 Rh3 35. Ke3 Rh1 36. c5 bxc5 37. Rc4 Ra1 1/2-1/2